000 nam a22 7a 4500
999 _c7869
_d7869
008 171106b xxu||||| |||| 00| 0 eng d
020 _a9788129148063
100 _aSinha, Yashwant
_94342
245 _aThe future of Indian Economy
_bpast reforms and challenges ahead
260 _aIndia
_bReplika Press
_c2017